| 000 | 01291cam a22003497a 4500 | ||
|---|---|---|---|
| 003 | CHAP | ||
| 005 | 20220329142124.0 | ||
| 008 | 990818d1999 mx r 00110 spa d | ||
| 010 | _a78761 | ||
| 011 | _a79733 | ||
| 035 | _a90126 | ||
| 040 | _cCHAP | ||
| 090 | _aTesis | ||
| 100 | 0 | 0 |
_aRosas Meza, Artemio. _9100031 |
| 245 | 1 | 0 |
_aRespuesta de germoplasma de tomate de cáscara (Physalis spp.) a virus que provocan la enfermedad chino del tomate _c/por Artemio Rosas Meza |
| 260 |
_aChapingo, Méx. : _bEl autor, _c1999. |
||
| 300 | _a72 h. | ||
| 502 | _aTesis (M.C. en Horticultura) -- UACH. Departamento de Fitotecnia | ||
| 590 |
_aALEPH _b10 _c20130110 _lUCH01 _h1430 |
||
| 590 |
_aBATCH-UPD _b10 _c20130110 _lUCH01 _h0119 |
||
| 590 |
_aBATCH-UPD _b10 _c20130110 _lUCH01 _h0709 |
||
| 590 |
_aCONVERSION _b10 _c20130109 _lUCH01 _h1344 |
||
| 650 | 1 | 4 |
_aFertilizantes _xEfecto en tomate verde. _940557 |
| 650 | 1 | 4 |
_aTomate verde _xEnfermedades por virus. _9113812 |
| 650 | 1 | 4 |
_aTomate verde _xVariedades resistentes a enfermedades. _9113841 |
| 901 | _aBK | ||
| 905 | _aLilia Sánchez G. | ||
| 942 | _cFOLL | ||
| 949 |
_bBC _cTES _d33724000716353 _eTS2 _fc.2 _h34228 _i90126 _si |
||
| 949 |
_bBC _cTES _d33724000761953 _eTS2 _fc.3 _h35897 _i90126 _si |
||
| 949 |
_bBC _cTES _d901261 _eTS1 _h34227 _i90126 _sb |
||
| 999 |
_c78761 _d78761 |
||